000
00246 a2200097 4500
001
56054
100
_a
245
_a
Silent warfare ; understanding the world of intelligence
260
_a
Washington D C
_b
Pass Books
_c
2002
090
_c
34728
_d
34728
942
_a
NUST-CAE
_c
_c
27478
999
_c
291127
_d
291127